| 000 | 01047nam a22002415i 4500 | ||
|---|---|---|---|
| 001 | 176997 | ||
| 003 | ES-MaACL | ||
| 005 | 20230906220229.0 | ||
| 008 | 110223s1964 sz b |||| | spa d | ||
| 080 | _a27-726.3(8) | ||
| 100 | 1 |
_aPérez Ramírez, Gustavo. _9145314 |
|
| 245 | 1 | 3 |
_aEl problema sacerdotal en América Latina _b: (Centroamérica, Antillas Mayores, Venezuela, Ecuador, Perú, Bolivia, Paraguay, Uruguay) / _cpor Gustavo Pérez Ramírez e Yvan Labelle. |
| 260 |
_aFriburgo : _bOficina Internacional de Investigaciones Sociales de FERES, _c1964. |
||
| 300 |
_a148 p. , [6] h. pleg. : _bil. ; _c22 cm. |
||
| 490 | 1 |
_aEstudios socio-religiosos latino-americanos ; _v16 |
|
| 504 | _aBibliografía: p. 115-116. | ||
| 650 | 4 |
_aSacerdotes- _zAmérica Latina. _9145341 |
|
| 700 | 1 |
_aLabelle, Yvan. _9145340 |
|
| 710 | 2 |
_aOficina Internacional de Investigaciones Sociales. _9172476 |
|
| 830 | 1 |
_aEstudios socio-religiosos latino-americanos ; _v16 _9183494 |
|
| 852 |
_aES-MaACL _jE-14413 _xOlim P-1014-bis |
||
| 999 |
_c176997 _d176997 |
||